| 000 | 00690nam a2200253Ia 4500 | ||
|---|---|---|---|
| 003 | OSt | ||
| 005 | 20221006145016.0 | ||
| 006 | a|||||r|||| 00| 0 | ||
| 007 | ta | ||
| 008 | 221006b |||||||| |||| 00| 0 eng d | ||
| 020 | _c60.00 | ||
| 024 | _a13,485 | ||
| 037 | _cTextual | ||
| 040 |
_aEASL _cEASL _beng |
||
| 041 |
_2eng _aeng |
||
| 082 | _aV4446.N08, L1 | ||
| 100 |
_aWHITE J Claude _9104176 |
||
| 245 | 0 |
_aSikhim & Bhutan _b Twenty one years on the north-East frontier 1887-1908 |
|
| 260 |
_aDelhi _blakshmi Printing _c1971 |
||
| 300 |
_a331p. _ccm. |
||
| 490 | _v Oth | ||
| 942 |
_hV4446.N08, L1 _cTEXL _2CC |
||
| 999 |
_c1081571 _d1081571 |
||